000 00505nam a2200181 a 4500
005 20220127135728.0
008 980319 1994 mx r 00010 spa d
010 _a75059
011 _a76031
035 _a85608
090 _aFolleto 14976
245 0 0 _aMeléndez Nava, Francisco
260 _aHuimanguillo, Tab. :
_bINIFAP. Campo Experimental Huimanguillo,
_c1994.
300 _aHoja desplegable
590 _aCONVERSION
_b10
_c20130109
_lUCH01
_h1341
901 _aBK
905 _aAlejandra Carrasco M.
999 _c75059
_d75059